| 000 | 01252nam a22003017a 4500 | ||
|---|---|---|---|
| 999 |
_c158252 _d158252 |
||
| 005 | 20181023155140.0 | ||
| 010 | _aB-710636 | ||
| 020 |
_a0070601747 _c485.00 |
||
| 035 | _aB-710636 | ||
| 037 | _bTata Mc Graw Hill | ||
| 082 | _a510 | ||
| 100 | _aLipschutz, Seymour | ||
| 245 |
_aDiscrete Mathematics / _cby Seymour Lipschutz, Marc Lars Lipson [and] Varsha H. Patil |
||
| 250 | _a2nd ed. | ||
| 260 |
_aNew Delhi _bMcGraw Hill Education _c2006 |
||
| 270 |
_a7 West Patel Nagar _bNew Delhi _e110008 |
||
| 300 |
_avarious pagings _c24cm (pbk) |
||
| 490 | _aSchaum's outlines series | ||
| 500 | _aIncludes index. | ||
| 505 | _aSet theory -- Functions and algorithms -- Logic and propositional calculus -- Counting -- Relations -- Graph theory -- Binary trees -- Boolean algebra -- Languages, grammars, machines. | ||
| 650 |
_aAlgebra, Abstract _vOutlines, syllabi, etc. |
||
| 650 |
_a Combinatorial analysis _vOutlines, syllabi, etc. |
||
| 650 |
_a Logic, Symbolic and mathematical _v Outlines, syllabi, etc. |
||
| 700 | _aLipson, Marc Lars | ||
| 700 | _aPatil, Varsha H. | ||
| 942 |
_2ddc _cEN _mLIP _h510 |
||